Most Populated Counties In Ohio - Statistics

General Stats
  • This quiz has been taken 36 times
  • The average score is 9 of 12
Answer Stats
# County Population % Correct
2 Cuyahoga 1,253,783
100%
1 Franklin 1,275,333
96%
3 Hamilton 812,037
92%
9 Lorain 306,713
88%
6 Lucas 432,379
81%
4 Summit 541,810
77%
11 Lake 230,052
73%
8 Stark 373,475
73%
10 Mahoning 231,064
62%
5 Montgomery 532,034
62%
7 Butler 378,294
58%
12 Warren 226,564
54%
No matching quizzes found
Score Distribution
Percent of People with Each Score
Percentile by Number Answered
Your Score History
You have not taken this quiz